[Event "61st POL-ch"]
[Site "Warsaw POL"]
[Date "2004.05.04"]
[Round "10"]
[White "Kempinski, Robert"]
[Black "Jaracz, Pawel"]
[Result "1-0"]
[WhiteElo "2586"]
[BlackElo "2539"]
[PlyCount "49"]
[EventDate "2004.04.24"]

1. d4 Nf6 2. c4 e6 3. Nf3 b6 4. e3 Bb7 5. Bd3 d5 6. b3 Nbd7 7. O-O Bd6 8. Bb2
O-O 9. Nbd2 Qe7 10. Ne5 c5 11. Nxd7 Nxd7 12. cxd5 exd5 13. Nf3 Nf6 14. Qe2 a5
15. Nh4 g6 16. a4 Ne4 17. Nf3 f5 18. Rac1 Rf7 19. Ba1 h6 20. dxc5 Bxc5 21. Qb2
Kh7 22. Rc2 Qe6 23. Bb5 Re7 24. Ne1 Ba6 25. Bxa6 1-0

[Event "61st POL-ch"]
[Site "Warsaw POL"]
[Date "2004.05.04"]
[Round "10"]
[White "Socko, Bartosz"]
[Black "Cyborowski, Lukasz"]
[Result "0-1"]
[WhiteElo "2579"]
[BlackElo "2565"]
[PlyCount "204"]
[EventDate "2004.04.24"]

1. e4 c5 2. Nf3 Nc6 3. Bb5 g6 4. Bxc6 dxc6 5. d3 Bg4 6. Bd2 Bg7 7. Bc3 Bxc3+ 8.
Nxc3 e5 9. h3 Bxf3 10. Qxf3 Nf6 11. O-O-O Qe7 12. Qe3 O-O-O 13. f4 exf4 14.
Qxf4 Nd7 15. Rd2 Ne5 16. Nd1 Rd4 17. Nc3 Rhd8 18. Rhd1 c4 19. dxc4 Rxd2 20.
Rxd2 Rxd2 21. Qxd2 Nxc4 22. Qd4 Qg5+ 23. Kb1 Qe3 24. Qd1 Nd2+ 25. Ka1 Nxe4 26.
Nxe4 Qxe4 27. Qd2 Qd5 28. Qe2 Kd7 29. a3 f5 30. Qf2 c5 31. c3 Qd1+ 32. Ka2 Kc6
33. Qg3 Qd6 34. Qf2 a6 35. Qe2 Qd5+ 36. Ka1 Kd7 37. Qc2 Ke6 38. Qf2 Kf7 39. Qg3
Qc6 40. Qg5 Qd6 41. Qc1 Kg7 42. Qe1 g5 43. Qe2 h6 44. Qe1 Kf6 45. Qe2 Qe6 46.
Qd1 Kg6 47. Qf3 Qe1+ 48. Ka2 Qe4 49. Qf2 Qd5+ 50. Ka1 Qd1+ 51. Ka2 Qd5+ 52. Ka1
Kf6 53. Qe2 Qe4 54. Qf2 Qe7 55. Qd2 Kg6 56. Qd5 Qe4 57. Qd6+ Kh5 58. Qxc5 Qxg2
59. Qxf5 Kh4 60. c4 Qxh3 61. Qe4+ g4 62. Qe7+ Kg3 63. Qe3+ Kg2 64. Qd2+ Kg1 65.
Qd4+ Kh1 66. Qd1+ Kh2 67. Qd2+ Qg2 68. Qxh6+ Kg1 69. Ka2 g3 70. Qb6+ Kf1 71.
Qe3 Qf2 72. Qd3+ Kg1 73. Qd1+ Qf1 74. Qd4+ Kg2 75. Qd5+ Qf3 76. Qd2+ Kf1 77.
Qc1+ Kf2 78. Qd2+ Qe2 79. Qf4+ Kg2 80. Qf7 Kg1 81. Qf4 Qd3 82. Qc1+ Kg2 83. Qf4
b5 84. cxb5 axb5 85. a4 Qd5+ 86. b3 bxa4 87. Qxa4 Qd2+ 88. Ka3 Qc1+ 89. Ka2
Qd2+ 90. Ka3 Qc1+ 91. Ka2 Kf2 92. Qd4+ Qe3 93. Qf6+ Ke2 94. Qg6 Kf1 95. Ka3 g2
96. Qb1+ Ke2 97. Qc2+ Qd2 98. Qe4+ Kd1 99. Qg4+ Kc1 100. Ka4 Qa2+ 101. Kb4 Qf2
102. Qg5+ Qd2+ 0-1

[Event "61st POL-ch"]
[Site "Warsaw POL"]
[Date "2004.05.04"]
[Round "10"]
[White "Lagowski, Patryk"]
[Black "Macieja, Bartlomiej"]
[Result "0-1"]
[WhiteElo "2425"]
[BlackElo "2633"]
[PlyCount "106"]
[EventDate "2004.04.24"]

1. d4 g6 2. e4 Bg7 3. Nc3 c6 4. Nf3 d5 5. h3 Nf6 6. e5 Ne4 7. Nxe4 dxe4 8. Ng5
c5 9. d5 Bxe5 10. Nxe4 Nd7 11. c3 O-O 12. Bh6 Re8 13. Bb5 a6 14. Bxd7 Qxd7 15.
Nxc5 Qb5 16. Qa4 Rd8 17. Qxb5 axb5 18. O-O Rxd5 19. Rad1 Rxd1 20. Rxd1 Bc7 21.
a3 f6 22. Be3 Kf7 23. Rd5 Ke8 24. Rd4 b6 25. Nd3 e5 26. Rh4 h5 27. c4 Bd7 28.
c5 bxc5 29. Nxc5 Bc6 30. Rb4 Rd8 31. Kf1 Ba5 32. Rb3 Bd5 33. a4 Bc4+ 34. Kg1
Bxb3 35. Nxb3 Bc7 36. axb5 Rb8 37. Nd2 Rxb5 38. b3 h4 39. Kf1 Ke7 40. Ke2 Bb6
41. Bxb6 Rxb6 42. Kd3 g5 43. Kc3 Rc6+ 44. Kd3 Rc1 45. Ke3 Rg1 46. b4 Rxg2 47.
b5 g4 48. hxg4 Rxg4 49. Kf3 Rb4 50. Ne4 Rxb5 51. Kg4 Ke6 52. Kh3 Rb3+ 53. Kg2
Kf5 0-1

[Event "61st POL-ch"]
[Site "Warsaw POL"]
[Date "2004.05.04"]
[Round "10"]
[White "Mista, Aleksander"]
[Black "Jakubiec, Artur"]
[Result "0-1"]
[WhiteElo "2517"]
[BlackElo "2532"]
[PlyCount "64"]
[EventDate "2004.04.24"]

1. e4 c5 2. Nf3 d6 3. d4 cxd4 4. Nxd4 Nf6 5. Nc3 a6 6. Be3 e5 7. Nb3 Be7 8. f3
O-O 9. Qd2 Be6 10. O-O-O a5 11. Bb5 Nbd7 12. Qf2 Rc8 13. g4 Rxc3 14. bxc3 a4
15. Bxa4 Qa8 16. Bxd7 Nxd7 17. Kb1 Qa4 18. Bc1 Ra8 19. a3 Ra6 20. Rd5 Bxd5 21.
exd5 Nb6 22. Rd1 Nc4 23. h4 Bd8 24. Rd3 Bb6 25. Qe2 Bc5 26. Qe4 Bxa3 27. Bxa3
b5 28. Qf5 Ra8 29. Bb2 Qa2+ 30. Kc1 Qxb2+ 31. Kd1 Qb1+ 32. Nc1 Qxc1+ 0-1

[Event "61st POL-ch"]
[Site "Warsaw POL"]
[Date "2004.05.05"]
[Round "11"]
[White "Jaracz, Pawel"]
[Black "Lagowski, Patryk"]
[Result "1-0"]
[WhiteElo "2539"]
[BlackElo "2425"]
[PlyCount "65"]
[EventDate "2004.04.24"]

1. e4 c5 2. Nc3 d6 3. f4 g6 4. Nf3 Bg7 5. Bb5+ Bd7 6. a4 Nc6 7. O-O Nd4 8. Bc4
e6 9. d3 Ne7 10. Nxd4 cxd4 11. Ne2 O-O 12. Bd2 d5 13. exd5 Nxd5 14. Bxd5 exd5
15. Ng3 h5 16. h3 Rc8 17. a5 Re8 18. f5 Qc7 19. Qf3 h4 20. fxg6 fxg6 21. Qf7+
Kh7 22. Nh5 gxh5 23. Qxh5+ Kg8 24. Qf7+ Kh7 25. Rf6 Re6 26. Rxe6 Bxe6 27. Qxe6
Rf8 28. Rc1 Qc6 29. Qxc6 bxc6 30. Rf1 Rxf1+ 31. Kxf1 Kg6 32. a6 Be5 33. Bb4 1-0

[Event "61st POL-ch"]
[Site "Warsaw POL"]
[Date "2004.05.05"]
[Round "11"]
[White "Cyborowski, Lukasz"]
[Black "Murdzia, Piotr"]
[Result "1-0"]
[WhiteElo "2565"]
[BlackElo "2455"]
[PlyCount "85"]
[EventDate "2004.04.24"]

1. Nf3 Nf6 2. c4 c5 3. Nc3 Nc6 4. d4 cxd4 5. Nxd4 g6 6. e4 Bg7 7. Nc2 O-O 8.
Be2 d6 9. O-O Nd7 10. Bd2 Nc5 11. f3 Nd4 12. Nxd4 Bxd4+ 13. Kh1 Bg7 14. Rc1 a5
15. b3 Bd7 16. Be3 Bc6 17. Qd2 Re8 18. Rfd1 Be5 19. Nb5 Bg7 20. Rb1 Nd7 21. Bf1
b6 22. a3 Bb7 23. Rdc1 Bc6 24. Qf2 Bb7 25. b4 axb4 26. axb4 Bc6 27. Nc3 Ra3 28.
Nd5 Qb8 29. c5 b5 30. Bg5 Bf8 31. Bf4 Ra6 32. cxd6 exd6 33. Rd1 Bg7 34. Qh4 Kh8
35. Bg5 Re6 36. Rbc1 Nf8 37. Qf4 Qb7 38. Bh6 Ra4 39. Rb1 Be8 40. Qd2 Bxh6 41.
Qxh6 Qc8 42. Nf4 Rf6 43. Nh5 1-0

[Event "61st POL-ch"]
[Site "Warsaw POL"]
[Date "2004.05.05"]
[Round "11"]
[White "Krasenkow, Michal"]
[Black "Markowski, Tomasz"]
[Result "1-0"]
[WhiteElo "2609"]
[BlackElo "2605"]
[PlyCount "79"]
[EventDate "2004.04.24"]

1. Nf3 c5 2. c4 Nf6 3. Nc3 e6 4. g3 b6 5. Bg2 Bb7 6. O-O Be7 7. d4 cxd4 8. Qxd4
Nc6 9. Qd3 O-O 10. e4 d6 11. Rd1 Qb8 12. b3 Rd8 13. Bb2 a6 14. Rd2 Ne5 15. Qe3
Qc7 16. Rad1 Ned7 17. Nd4 Bf8 18. f4 Re8 19. Kh1 Rac8 20. h3 Qb8 21. g4 h6 22.
g5 hxg5 23. fxg5 Nh7 24. h4 g6 25. Nf3 Ba8 26. Qd4 e5 27. Qe3 Nc5 28. Nd5 Rcd8
29. Nh2 b5 30. Ng4 Nd7 31. Bf1 Re6 32. Rh2 Bg7 33. Rdd2 Rf8 34. h5 Qd8 35. cxb5
Qxg5 36. Qh3 Nc5 37. hxg6 Qxg6 38. Rdg2 Ng5 39. Ngf6+ Bxf6 40. Rxg5 1-0

[Event "61st POL-ch"]
[Site "Warsaw POL"]
[Date "2004.05.05"]
[Round "11"]
[White "Miton, Kamil"]
[Black "Mista, Aleksander"]
[Result "1-0"]
[WhiteElo "2563"]
[BlackElo "2517"]
[PlyCount "73"]
[EventDate "2004.04.24"]

1. d4 d6 2. Nf3 g6 3. g3 Bg7 4. Bg2 Nf6 5. O-O O-O 6. c4 Nbd7 7. Nc3 e5 8. h3
c6 9. e4 Qb6 10. c5 dxc5 11. dxe5 Ne8 12. Be3 Qxb2 13. Na4 Qb5 14. Rb1 Qa5 15.
Nd2 Nxe5 16. Bxc5 b5 17. Nb2 Be6 18. Bxf8 Bxf8 19. Qc2 Rd8 20. Rfd1 c5 21. Nb3
Rxd1+ 22. Nxd1 Qa3 23. Nc3 Bc4 24. Rd1 Nc6 25. e5 Nb4 26. Qc1 Qxc1 27. Nxc1 a6
28. Rd2 Bh6 29. f4 g5 30. a3 gxf4 31. Rd8 Kf8 32. axb4 f3 33. Bxf3 Bxc1 34. Bc6
cxb4 35. Rxe8+ Kg7 36. Nd5 Bb3 37. Nf6 1-0

[Event "61st POL-ch"]
[Site "Warsaw POL"]
[Date "2004.05.05"]
[Round "11"]
[White "Macieja, Bartlomiej"]
[Black "Gdanski, Jacek"]
[Result "1-0"]
[WhiteElo "2633"]
[BlackElo "2529"]
[PlyCount "115"]
[EventDate "2004.04.24"]

1. Nf3 Nf6 2. c4 c5 3. Nc3 Nc6 4. d4 cxd4 5. Nxd4 e6 6. Ndb5 Bb4 7. Bf4 O-O 8.
Bd6 Bxd6 9. Nxd6 Qb6 10. Qd2 Nd4 11. O-O-O Qxd6 12. Qxd4 Qxd4 13. Rxd4 b6 14.
e4 Rd8 15. e5 Ne8 16. Be2 Bb7 17. Rhd1 f6 18. Bf3 Bxf3 19. gxf3 fxe5 20. Rxd7
Rdc8 21. b3 Nf6 22. R7d6 Kf7 23. Ne4 b5 24. Nd2 a5 25. Kb2 bxc4 26. Nxc4 Rc5
27. Rb6 Ra7 28. Rdd6 Nd7 29. Ra6 Rxa6 30. Rxa6 e4 31. Ra7 Ke8 32. Nd6+ Ke7 33.
Nxe4 Rh5 34. Kc3 Kd8 35. a4 Rf5 36. Kc2 Rxf3 37. Rxa5 Nf6 38. Nxf6 gxf6 39. Rh5
Kd7 40. Rxh7+ Kd6 41. b4 Rxf2+ 42. Kb3 Rf3+ 43. Kc4 Ra3 44. a5 e5 45. Rh6 Ke6
46. Rh8 e4 47. Re8+ Kf5 48. Kb5 Kf4 49. a6 f5 50. Kb6 Ke3 51. a7 f4 52. a8=Q
Rxa8 53. Rxa8 f3 54. Kc5 f2 55. Rf8 Ke2 56. b5 e3 57. Kd4 Kd1 58. Kxe3 1-0

[Event "61st POL-ch"]
[Site "Warsaw POL"]
[Date "2004.05.05"]
[Round "11"]
[White "Jakubowski, Krzysztof"]
[Black "Socko, Bartosz"]
[Result "1-0"]
[WhiteElo "2492"]
[BlackElo "2579"]
[PlyCount "129"]
[EventDate "2004.04.24"]

1. d4 Nf6 2. g3 e6 3. Bg2 c5 4. Nf3 cxd4 5. Nxd4 d5 6. O-O Be7 7. c4 O-O 8.
cxd5 exd5 9. Nc3 Nc6 10. b3 Be6 11. Bb2 Qd7 12. Nxc6 bxc6 13. Rc1 Rac8 14. Na4
c5 15. Bxf6 gxf6 16. e4 dxe4 17. Bxe4 Qxd1 18. Rfxd1 c4 19. bxc4 Rxc4 20. Rxc4
Bxc4 21. Rd7 Re8 22. Bd5 Bxd5 23. Rxd5 Bb4 24. Nc5 Re1+ 25. Kg2 Ra1 26. Nd3 Bd2
27. a4 a5 28. h4 Ra3 29. Rd4 Bc3 30. Rc4 Kf8 31. h5 Kg7 32. Nf4 Bd2 33. Nd5 f5
34. Rc6 h6 35. Ne7 f4 36. Nf5+ Kh7 37. Rxh6+ Kg8 38. Rd6 f3+ 39. Kh3 Be1 40.
Rd8+ Kh7 41. Rf8 Bxf2 42. Rxf7+ Kg8 43. Rg7+ Kh8 44. h6 Be3 45. Nxe3 Rxe3 46.
Rf7 Kg8 47. Rf6 Kh7 48. Kh4 f2 49. g4 Re6 50. Rxf2 Rxh6+ 51. Kg3 Ra6 52. Rf5
Kg6 53. Rb5 Ra8 54. Rb6+ Kg5 55. Rb5+ Kf6 56. Kf4 Ra7 57. Rb6+ Kg7 58. Kg5 Rc7
59. Rb5 Ra7 60. Kh5 Kh7 61. Rb6 Rc7 62. Ra6 Rc5+ 63. g5 Kg7 64. Ra7+ Kf8 65.
Kh6 1-0

[Event "61st POL-ch"]
[Site "Warsaw POL"]
[Date "2004.05.06"]
[Round "12"]
[White "Markowski, Tomasz"]
[Black "Macieja, Bartlomiej"]
[Result "1/2-1/2"]
[WhiteElo "2605"]
[BlackElo "2633"]
[PlyCount "61"]
[EventDate "2004.04.24"]

1. g3 c5 2. Bg2 g6 3. c4 Bg7 4. Nc3 Nc6 5. Nf3 e6 6. d4 cxd4 7. Nb5 d5 8. cxd5
Qa5+ 9. Nd2 Qxb5 10. dxc6 Ne7 11. a4 Qb6 12. Nc4 Qb4+ 13. Bd2 Qxc4 14. cxb7
Bxb7 15. Bxb7 Rb8 16. b3 Qc5 17. b4 Qf5 18. Bf3 Nd5 19. Qb3 Nc3 20. Bc6+ Kf8
21. Qc4 h5 22. b5 Bf6 23. Rc1 Kg7 24. O-O Rbc8 25. e3 Nd5 26. Rfe1 dxe3 27.
fxe3 Qe5 28. e4 Nb6 29. Qb3 Rcd8 30. Be3 h4 31. Rc5 1/2-1/2

[Event "61st POL-ch"]
[Site "Warsaw POL"]
[Date "2004.05.06"]
[Round "12"]
[White "Gdanski, Jacek"]
[Black "Jaracz, Pawel"]
[Result "1-0"]
[WhiteElo "2529"]
[BlackElo "2539"]
[PlyCount "69"]
[EventDate "2004.04.24"]

1. e4 c5 2. Nf3 e6 3. d3 Nf6 4. g3 Be7 5. Bg2 O-O 6. O-O Nc6 7. Qe2 b5 8. e5
Nd5 9. c4 Nc7 10. Nc3 Rb8 11. Be3 f5 12. exf6 gxf6 13. d4 bxc4 14. dxc5 Kh8 15.
Rfd1 Qe8 16. Rd2 Ba6 17. Rad1 Rd8 18. Bf4 Na8 19. Bd6 Nb4 20. Qe3 Bxd6 21. Rxd6
Nc7 22. b3 cxb3 23. axb3 Bb7 24. Qh6 Nbd5 25. Nxd5 Bxd5 26. Nd4 Qf7 27. Ra1
Bxg2 28. Rxa7 Rc8 29. Kxg2 Rfd8 30. c6 Kg8 31. cxd7 Rxd7 32. Rxd7 Qxd7 33. Qxf6
Qd5+ 34. Nf3 Rf8 35. Qg5+ 1-0

[Event "61st POL-ch"]
[Site "Warsaw POL"]
[Date "2004.05.06"]
[Round "12"]
[White "Socko, Bartosz"]
[Black "Krasenkow, Michal"]
[Result "0-1"]
[WhiteElo "2579"]
[BlackElo "2609"]
[PlyCount "86"]
[EventDate "2004.04.24"]

1. e4 e5 2. Nf3 Nc6 3. Bb5 Nf6 4. d3 d6 5. c3 Bd7 6. Nbd2 g6 7. h3 Bg7 8. Nf1
O-O 9. g4 d5 10. Ng3 dxe4 11. dxe4 Qe7 12. Qe2 Rfd8 13. O-O a6 14. Bd3 h6 15.
Rd1 Be6 16. Be3 Rd7 17. b4 Ne8 18. Nd2 Rad8 19. Nb3 Bxb3 20. axb3 Nd6 21. Bc4
Nxc4 22. Rxd7 Rxd7 23. Qxc4 Nd8 24. b5 axb5 25. Qxb5 c6 26. Qf1 Ne6 27. Rd1 Nf4
28. Kh2 Bf6 29. Ne2 Ne6 30. Bxh6 g5 31. Ng3 Qd8 32. Rxd7 Qxd7 33. h4 Qd2 34. c4
Qc2 35. hxg5 Bxg5 36. Bxg5 Nxg5 37. b4 Nxe4 38. Nxe4 Qxe4 39. Kh3 Qf3+ 40. Kh4
f6 41. Qa1 Qxf2+ 42. Kh3 Qf3+ 43. Kh4 Qg2 0-1

[Event "61st POL-ch"]
[Site "Warsaw POL"]
[Date "2004.05.06"]
[Round "12"]
[White "Lagowski, Patryk"]
[Black "Jakubiec, Artur"]
[Result "0-1"]
[WhiteElo "2425"]
[BlackElo "2532"]
[PlyCount "96"]
[EventDate "2004.04.24"]

1. d4 f5 2. c4 Nf6 3. g3 g6 4. Bg2 Bg7 5. Nf3 O-O 6. O-O d6 7. Nc3 c6 8. Rb1
Ne4 9. Qb3 Kh8 10. Rd1 Nxc3 11. bxc3 Qe8 12. Qa3 Na6 13. Be3 h6 14. h4 Qf7 15.
c5 dxc5 16. Ne5 Qf6 17. f4 Kh7 18. dxc5 Nc7 19. c4 Qe6 20. Qa5 Ne8 21. Rd8 Nf6
22. Rbd1 Nd7 23. R8xd7 Bxd7 24. Bd5 cxd5 25. cxd5 Qg8 26. Nxd7 Rfc8 27. Qb5 Qd8
28. c6 bxc6 29. dxc6 Qc7 30. Rc1 Qd6 31. h5 Rc7 32. Ne5 gxh5 33. Bc5 Qe6 34.
Bd4 Rd8 35. e3 Rdc8 36. Rc5 h4 37. g4 fxg4 38. Qd3+ Kg8 39. f5 Qd6 40. Qc4+ Kh7
41. Qf7 Rf8 42. Qh5 Bxe5 43. Rxe5 Rxc6 44. Qxh4 Rc1+ 45. Kf2 Rf7 46. Qxg4 Qc6
47. Rc5 Rc2+ 48. Kg3 Rxc5 0-1

[Event "61st POL-ch"]
[Site "Warsaw POL"]
[Date "2004.05.06"]
[Round "12"]
[White "Kempinski, Robert"]
[Black "Miton, Kamil"]
[Result "1/2-1/2"]
[WhiteElo "2586"]
[BlackElo "2563"]
[PlyCount "29"]
[EventDate "2004.04.24"]

1. d4 Nf6 2. c4 e6 3. Nf3 d5 4. Nc3 c5 5. e3 Nc6 6. a3 cxd4 7. exd4 Be7 8. Bd3
dxc4 9. Bxc4 O-O 10. O-O a6 11. Re1 b5 12. Ba2 b4 13. axb4 Nxb4 14. Bb3 Bb7 15.
Ne5 1/2-1/2

[Event "61st POL-ch"]
[Site "Warsaw POL"]
[Date "2004.05.06"]
[Round "12"]
[White "Cyborowski, Lukasz"]
[Black "Jakubowski, Krzysztof"]
[Result "1-0"]
[WhiteElo "2565"]
[BlackElo "2492"]
[PlyCount "101"]
[EventDate "2004.04.24"]

1. Nf3 d5 2. d4 Nf6 3. c4 e6 4. Nc3 Nbd7 5. Bf4 Bd6 6. Bxd6 cxd6 7. cxd5 exd5
8. e3 O-O 9. Bd3 Nb6 10. h3 Re8 11. Nd2 Bd7 12. O-O Bc6 13. a4 Rc8 14. Qb3 a6
15. a5 Nbd7 16. Qa3 Nf8 17. Rfc1 Qd7 18. b4 Ne6 19. Qb3 Ng5 20. Bf1 h5 21. b5
axb5 22. Nxb5 Ra8 23. Nc3 Rec8 24. Bd3 g6 25. Qb4 Kg7 26. Rcb1 Re8 27. Bf1 Re7
28. Rc1 Qd8 29. Ne2 Rc7 30. Nf4 Rcc8 31. Bd3 Qd7 32. Qb6 Qc7 33. Qxc7 Rxc7 34.
Bxg6 fxg6 35. h4 Re7 36. hxg5 Nh7 37. Nb1 Nxg5 38. Nc3 Rf7 39. Ncxd5 Rf5 40.
Ne7 Rfxa5 41. Rxa5 Rxa5 42. d5 Be8 43. Rc7 Bf7 44. Rxb7 Kf6 45. Nc8 Ne4 46. f3
Nc5 47. Rb6 g5 48. Rxd6+ Kf5 49. Ne2 Ra2 50. Nd4+ Ke5 51. Nc6+ 1-0

[Event "61st POL-ch"]
[Site "Warsaw POL"]
[Date "2004.05.07"]
[Round "13"]
[White "Miton, Kamil"]
[Black "Lagowski, Patryk"]
[Result "1-0"]
[WhiteElo "2563"]
[BlackElo "2425"]
[PlyCount "93"]
[EventDate "2004.04.24"]

1. d4 d5 2. Nf3 Nf6 3. c4 dxc4 4. Nc3 c6 5. a4 Bf5 6. e3 e6 7. Bxc4 Bb4 8. O-O
O-O 9. Qe2 Ne4 10. Nxe4 Bxe4 11. Bd3 Qd5 12. Bxe4 Qxe4 13. Bd2 Bd6 14. Ng5 Qd5
15. e4 Qb3 16. e5 Be7 17. Ne4 Nd7 18. Bg5 f6 19. exf6 Nxf6 20. Bxf6 gxf6 21.
Nd2 Qd5 22. Ne4 Rae8 23. Rad1 Kh8 24. Nc3 Qb3 25. Rd3 Bb4 26. Re3 Bxc3 27. bxc3
Qxa4 28. Rxe6 Rxe6 29. Qxe6 Qa5 30. Qe7 Kg8 31. Qxb7 Qxc3 32. Qxa7 Rd8 33. Qa2+
Kg7 34. Rd1 c5 35. d5 c4 36. Qe2 Kh6 37. h3 Rd6 38. Qe4 Qb4 39. Rb1 Qa3 40.
Qxc4 f5 41. Qf4+ Kg6 42. Qe5 Qc5 43. Rd1 Qb6 44. h4 Qc5 45. Rd3 Rf6 46. Rc3 Qd6
47. Qxd6 1-0

[Event "61st POL-ch"]
[Site "Warsaw POL"]
[Date "2004.05.07"]
[Round "13"]
[White "Jakubiec, Artur"]
[Black "Gdanski, Jacek"]
[Result "0-1"]
[WhiteElo "2532"]
[BlackElo "2529"]
[PlyCount "92"]
[EventDate "2004.04.24"]

1. f4 d5 2. Nf3 g6 3. g3 c6 4. Bg2 Qb6 5. Nc3 Bg7 6. e3 Nh6 7. a4 a5 8. d4 Na6
9. O-O Nf5 10. Ne5 h5 11. Bf3 Be6 12. Re1 Rd8 13. b3 Nd6 14. Ba3 Bf5 15. Kg2
Nb4 16. Rc1 Nxc2 17. Rxc2 Qxb3 18. e4 dxe4 19. Nxe4 Bxe4 20. Bxe4 Qxa3 21. Bxg6
Bxe5 22. fxe5 fxg6 23. exd6 Qxd6 24. Rce2 Qd5+ 25. Kg1 O-O 26. Rxe7 Rf7 27.
R7e4 Kg7 28. Qc2 Rd6 29. Qc3 Kh7 30. Qe3 Rdf6 31. Re7 Rxe7 32. Qxe7+ Rf7 33.
Qe5 Qf3 34. Qe3 Qxe3+ 35. Rxe3 Kh6 36. h4 Rd7 37. Re5 Rd5 38. Re4 b5 39. axb5
cxb5 40. Kf2 b4 41. Ke3 b3 42. Kd2 Rb5 43. Kc1 a4 44. Kb1 Rb4 45. Rf4 Rc4 46.
Re4 a3 0-1

[Event "61st POL-ch"]
[Site "Warsaw POL"]
[Date "2004.05.07"]
[Round "13"]
[White "Macieja, Bartlomiej"]
[Black "Socko, Bartosz"]
[Result "1/2-1/2"]
[WhiteElo "2633"]
[BlackElo "2579"]
[PlyCount "112"]
[EventDate "2004.04.24"]

1. Nf3 Nf6 2. d4 g6 3. Bg5 Bg7 4. Nbd2 d5 5. c3 O-O 6. e3 b6 7. Be2 c5 8. O-O
Nc6 9. Rc1 Bb7 10. h3 Re8 11. Qa4 a6 12. Rfd1 c4 13. b3 b5 14. Qa3 Qa5 15. Qxa5
Nxa5 16. Ne5 Rad8 17. Bf4 Nd7 18. Nxd7 Rxd7 19. Rb1 f6 20. Bg3 e5 21. dxe5 fxe5
22. Ne4 Bc6 23. Nc5 Ra7 24. bxc4 dxc4 25. Bg4 e4 26. Rbc1 Kf7 27. h4 Be5 28.
Kh2 Bxg3+ 29. Kxg3 Re5 30. Nd7 Bxd7 31. Rxd7+ Rxd7 32. Bxd7 Nb7 33. Bc6 Nc5 34.
Rd1 Ke7 35. f3 Na4 36. Rc1 exf3 37. Kxf3 Kd6 38. Ba8 Re8 39. Be4 Kc5 40. a3 Kb6
41. g4 Ka5 42. g5 Nc5 43. Bc2 Na4 44. h5 Nxc3 45. hxg6 hxg6 46. Bxg6 Rf8+ 47.
Kg4 Nd5 48. e4 Ne3+ 49. Kh4 Ng2+ 50. Kg4 Ne3+ 51. Kh4 Ka4 52. Bh7 Ng2+ 53. Kg4
Kxa3 54. g6 Kb2 55. g7 Ne3+ 56. Kg5 Rc8 1/2-1/2

[Event "61st POL-ch"]
[Site "Warsaw POL"]
[Date "2004.05.07"]
[Round "13"]
[White "Mista, Aleksander"]
[Black "Kempinski, Robert"]
[Result "0-1"]
[WhiteElo "2517"]
[BlackElo "2586"]
[PlyCount "61"]
[EventDate "2004.04.24"]

1. e4 c5 2. Nf3 d6 3. d4 cxd4 4. Nxd4 Nf6 5. Nc3 a6 6. Be2 e6 7. f4 Be7 8. Be3
O-O 9. g4 Nfd7 10. g5 b5 11. Bd3 Nc5 12. Qh5 g6 13. Qh4 b4 14. Nce2 e5 15. Nf3
Nxd3+ 16. cxd3 f5 17. exf5 Bxf5 18. fxe5 Bxd3 19. Rd1 Bb5 20. Nfd4 Qd7 21. exd6
Qxd6 22. Nxb5 Qc6 23. Rg1 axb5 24. Qd4 Qc4 25. Rg4 Qxd4 26. Nxd4 Rxa2 27. Re4
Rf7 28. Rc1 Nd7 29. Rc7 Bd6 30. Rc8+ Rf8 31. Rxf8+ 0-1

[Event "61st POL-ch"]
[Site "Warsaw POL"]
[Date "2004.05.07"]
[Round "13"]
[White "Jakubowski, Krzysztof"]
[Black "Murdzia, Piotr"]
[Result "1/2-1/2"]
[WhiteElo "2492"]
[BlackElo "2455"]
[PlyCount "105"]
[EventDate "2004.04.24"]

1. c4 f5 2. Nf3 Nf6 3. g3 g6 4. Bg2 Bg7 5. O-O O-O 6. d4 d6 7. b3 Nc6 8. Bb2
Bd7 9. d5 Nb8 10. Nbd2 c6 11. e4 fxe4 12. Ng5 e3 13. fxe3 h6 14. Nh3 g5 15. Nf2
Na6 16. Rb1 Qe8 17. e4 e5 18. dxe6 Bxe6 19. Nf3 Rd8 20. Nd4 Nd7 21. Nf5 Bxf5
22. exf5 Rxf5 23. Bxg7 Kxg7 24. Qd4+ Ne5 25. Ne4 Rxf1+ 26. Rxf1 Qe7 27. Rf5 b6
28. Qe3 Nc5 29. Nf6 Rf8 30. Nh5+ Kg6 31. g4 Rxf5 32. gxf5+ Kf7 33. b4 Ncd7 34.
b5 Nf6 35. Nxf6 Kxf6 36. bxc6 Nxc6 37. Qh3 Qe1+ 38. Bf1 Ne5 39. Qxh6+ Kxf5 40.
Qxd6 Nf3+ 41. Kg2 Nh4+ 42. Kg1 Qe3+ 43. Kh1 Qf3+ 44. Kg1 Qe3+ 45. Kh1 Qe4+ 46.
Kg1 Nf3+ 47. Kf2 Qe1+ 48. Kxf3 Qxf1+ 49. Kg3 Qg1+ 50. Kf3 Qf1+ 51. Kg3 Qg1+ 52.
Kf3 Qf1+ 53. Kg3 1/2-1/2